000 00720nam a2200205Ii 4500
003 JO-AjNU
008 230605s9999||||xx |||||||||||||| ||und||
040 _aJO-AjNU
_bara
_erda
_cJO-AjNU
041 _aara
050 1 4 _ak840.k44.1979
100 3 _a خضر، خميس ,
_eauthor
_946808
245 0 0 _aالعقود المدنية الكبيرة : البيع والتأمين
250 _aط1
264 3 1 _aالقاهرة : دار النهضة العربية ، 1979
300 _a880ص
336 _atext
_btxt
_2rdacontent
337 _aunmediated
_bn
_2rdamedia
338 _avolume
_bnc
_2rdacarrier
650 4 _aالعقود -- عقود البيع -- عقود التأمين -- عقود الأيجار
_946809
999 _aA20390
_c23958
_d23958